000 01225cam a2200277 4500
001 ABS68383
008 041015n2004 000 0 eng u
035 _a(Sirsi) u127712
100 _aSpring, M.
245 _aHow's this for an executive box?
260 _c2004
490 _aBuilding
_v269(8349) 17 September 2004, 40-44(5)
520 _aReviews New River Village, Stock Woolstencroft's masterplanned regeneration of a historic area of north London suburbia through its linear sequence of model high-density apartment blocks and landscaped spaces. Provides a history of the development and an appraisal of the architectural, landscaping and functional components of the scheme but suggests that the second-phase building of an entire block of affordable, predominantly family housing may be the scheme's real test. Details the layout of New River Village and lists the project team members.
590 _aABS
590 _aABS
650 _aMASTERPLANS
650 _aHIGH-DENSITY APARTMENT SCHEMES
650 _aLANDSCAPE DESIGN
650 _aNEW RIVER VILLAGE
650 _aLONDON
650 _aHARINGEY
650 _aALEXANDRA PARK
650 _aHORNSEY
690 _aREGENERATION
942 _n0
999 _c118167
_d118167